000 00422cam a2200145 4500500
005 20251228072946.0
041 _afre
042 _adc
100 1 0 _aRojtman, Betty
_eauthor
245 0 0 _aLa double mort de Moïse
260 _c2006.
500 _a23
786 0 _nCités | 27 | 3 | 2006-09-01 | p. 157-182 | 1299-5495
856 4 1 _uhttps://shs.cairn.info/revue-cites-2006-3-page-157?lang=fr&redirect-ssocas=7080
999 _c1594511
_d1594511